000 00403nam a2200145Ia 4500
008 090124s9999 xx 000 0 und d
082 _b301776
245 _a स्वप्न भंगले
250 _a1
260 _bतिबिले अनंत.
_c1987
300 _a216
630 _a स्वप्न भंगले
730 _a स्वप्न भंगले
942 _cBOOK
999 _c191361
_d191361